Most Common Last Names in Spain - Statistics

General Stats
  • This quiz has been taken 491 times
  • The average score is 9 of 20
Answer Stats
# Name % Correct
1 Garcia
74%
12 Hernandez
72%
5 Lopez
71%
4 Rodriguez
70%
9 Martin
68%
2 Fernandez
66%
6 Martinez
65%
3 Gonzalez
60%
7 Sanchez
60%
8 Perez
58%
10 Gomez
48%
15 Alvarez
35%
14 Diaz
32%
20 Gutierrez
29%
13 Jimenez
27%
11 Ruiz
26%
16 Moreno
17%
18 Alonso
15%
17 Munoz
13%
19 Romero
13%
No matching quizzes found
Score Distribution
Percent of People with Each Score
Percentile by Number Answered
Your Score History
You have not taken this quiz